Les Pokémon de la 1G - Statistiques

Statistiques générales
  • Ce quiz a été pris 108 fois
  • Le résultat moyen est 95 sur 151
Statistiques - réponses
Numéro Nom % Correct
6 Dracaufeu
100%
4 Salamèche
100%
5 Reptincel
98%
1 Bulbizarre
96%
7 Carapuce
96%
3 Florizarre
96%
151 Mew
96%
9 Tortank
94%
2 Herbizarre
92%
150 Mewtwo
92%
25 Pikachu
92%
8 Carabaffe
90%
26 Raichu
90%
18 Roucarnage
90%
17 Roucoups
90%
10 Chenipan
88%
12 Papilusion
88%
144 Artikodin
86%
16 Roucool
84%
146 Sulfura
84%
11 Chrysacier
82%
145 Électhor
82%
13 Aspicot
80%
14 Coconfort
80%
148 Draco
80%
19 Rattata
80%
15 Dardargnan
78%
147 Minidraco
78%
20 Rattatac
78%
149 Dracolosse
76%
75 Gravalanch
76%
21 Piafabec
76%
74 Racaillou
76%
120 Stari
76%
121 Staross
76%
76 Grolem
73%
22 Rapasdepic
73%
59 Arcanin
71%
58 Caninos
71%
133 Évoli
71%
38 Feunard
71%
95 Onix
71%
93 Spectrum
71%
23 Abo
69%
134 Aquali
69%
94 Ectoplasma
69%
92 Fantominus
69%
37 Goupix
69%
36 Mélodelfe
69%
35 Mélofée
69%
34 Nidoking
69%
31 Nidoqueen
69%
29 Nidoran♀
69%
32 Nidoran♂
69%
30 Nidorina
69%
33 Nidorino
69%
24 Arbok
67%
130 Léviator
67%
66 Machoc
67%
129 Magicarpe
67%
52 Miaouss
67%
136 Pyroli
67%
39 Rondoudou
67%
135 Voltali
67%
78 Galopa
65%
40 Grodoudou
65%
53 Persian
65%
63 Abra
63%
65 Alakazam
63%
101 Électrode
63%
64 Kadabra
63%
77 Ponyta
63%
69 Chétiflor
61%
67 Machopeur
61%
68 Mackogneur
61%
70 Boustiflor
59%
71 Empiflor
59%
113 Leveinard
59%
43 Mystherbe
59%
41 Nosferapti
59%
44 Ortide
59%
128 Tauros
59%
123 Insécateur
57%
81 Magnéti
57%
82 Magnéton
57%
48 Mimitoss
57%
42 Nosferalto
57%
45 Rafflesia
57%
143 Ronflex
57%
109 Smogo
57%
110 Smogogo
57%
100 Voltorbe
57%
49 Aéromite
55%
125 Élektek
55%
27 Sabelette
55%
107 Tygnon
55%
106 Kicklee
53%
126 Magmar
53%
46 Paras
53%
47 Parasect
53%
28 Sablaireau
53%
89 Grotadmorv
51%
140 Kabuto
51%
141 Kabutops
51%
124 Lippoutou
51%
131 Lokhlass
51%
142 Ptéra
51%
88 Tadmorv
51%
55 Akwakwak
49%
139 Amonistar
49%
138 Amonita
49%
115 Kangourex
49%
87 Lamantine
49%
86 Otaria
49%
118 Poissirène
49%
54 Psykokwak
49%
112 Rhinoféros
49%
127 Scarabrute
49%
96 Soporifik
49%
62 Tartard
49%
50 Taupiqueur
49%
72 Tentacool
49%
80 Flagadoss
47%
97 Hypnomade
47%
103 Noadkoko
47%
102 Noeunoeuf
47%
119 Poissoroy
47%
60 Ptitard
47%
111 Rhinocorne
47%
73 Tentacruel
47%
61 Têtarte
47%
51 Triopikeur
47%
56 Férosinge
45%
137 Porygon
45%
84 Doduo
43%
117 Hypocéan
43%
116 Hypotrempe
43%
79 Ramoloss
43%
57 Colossinge
41%
91 Crustabri
41%
85 Dodrio
41%
90 Kokiyas
41%
132 Métamorph
41%
122 M. Mime
41%
83 Canarticho
39%
99 Krabboss
39%
98 Krabby
39%
105 Ossatueur
39%
104 Osselait
39%
114 Saquedeneu
39%
108 Excelangue
37%
Aucun quiz correspondant
Distribution des résultats
% des personnes avec chaque résultat
Percentile par nombre de réponses
Votre historique - résultats
Vous n’avez pas pris ce quiz